000 00652nam a2200229Ia 4500
003 OSt
005 20220928152036.0
006 a|||||r|||| 00| 0
007 ta
008 220927b |||||||| |||| 00| 0 eng d
024 _a143495
037 _cTextual
040 _aSDCL
_cSDCL
_beng
041 _2eng
_aeng
082 _aX:31-8F.4498 'N7, L7
100 _aPyatt Graham
_9518961
245 0 _aSocial accounting for development planning with special reference to Sri Lanka
260 _c1977
700 _a Roe Alan
_9518962
942 _hX:31-8F.4498 'N7, L7
_cTEXL
_2CC
999 _c854107
_d854107